The noble scholar, jurist, historian


 His Excellency Dr. Abdul Wahhab bin Ibrahim Abu Sulaiman, may Allah have mercy on him.


 He was born in Umm Al-Qura in the year 1356 AH.

تحفة المستفيد بتاريخ الأحساء في القديم والجديد / (Record no. 7585)

MARC details
000 -LEADER
fixed length control field 01612cam a22003011i 4500
003 - CONTROL NUMBER IDENTIFIER
control field SA-RiAUC
005 - DATE AND TIME OF LATEST TRANSACTION
control field 20250504092042.0
008 - FIXED-LENGTH DATA ELEMENTS--GENERAL INFORMATION
fixed length control field 250503s1982 su g 00000 ara c
040 ## - CATALOGING SOURCE
Original cataloging agency SA-JeALM
Language of cataloging ara
Transcribing agency SA-RiAUC
Description conventions rda
043 ## - GEOGRAPHIC AREA CODE
Geographic area code a-su---
082 04 - DEWEY DECIMAL CLASSIFICATION NUMBER
Classification number 953.13
Assigning agency SA-RiAUC
090 ## - LOCALLY ASSIGNED LC-TYPE CALL NUMBER (OCLC); LOCAL CALL NUMBER (RLIN)
Classification number (OCLC) (R) ; Classification number, CALL (RLIN) (NR) 953.13
Local cutter number (OCLC) ; Book number/undivided call number, CALL (RLIN) ا ح س
100 1# - MAIN ENTRY--PERSONAL NAME
Personal name الاحسائي، محمد بن عبد الله بن عبد المحسن آل عبدالقادر،
Dates associated with a name 1312-1391 هجري
Relator term مؤلف.
245 10 - TITLE STATEMENT
Title تحفة المستفيد بتاريخ الأحساء في القديم والجديد /
Statement of responsibility, etc. تأليف محمد بن عبد الله بن عبد المحسن آل عبد القادر ؛ حققه وعلق عليه حمد الجاسر.
250 ## - EDITION STATEMENT
Edition statement الطبعة الثانية.
264 #1 - PRODUCTION, PUBLICATION, DISTRIBUTION, MANUFACTURE, AND COPYRIGHT NOTICE
Place of production, publication, distribution, manufacture الرياض :
Name of producer, publisher, distributor, manufacturer مكتبة المعارف :
-- مكتبة الأحساء الأهلية،
Date of production, publication, distribution, manufacture, or copyright notice 1982
300 ## - PHYSICAL DESCRIPTION
Extent 1 مجلد ؛
Dimensions 28 سم
336 ## - CONTENT TYPE
Content type term نص
Content type code txt
Source rdacontent
Materials specified كتاب
337 ## - MEDIA TYPE
Media type term بدون وسيط
Media type code n
Source rdamedia
338 ## - CARRIER TYPE
Carrier type term مجلد
Carrier type code nc
Source rdacarrier
500 ## - GENERAL NOTE
General note 2 مجلد ببليوجرافي في 1 مجلد مادي.
500 ## - GENERAL NOTE
General note إهداء من عبدالله عيسى الرزمان
651 #7 - SUBJECT ADDED ENTRY--GEOGRAPHIC NAME
Geographic name الأحساء (السعودية)
General subdivision تاريخ
Source of heading or term aucsh
700 1# - ADDED ENTRY--PERSONAL NAME
Personal name الجاسر، حمد،
Dates associated with a name 1328-1421 هجري
Relator term محقق.
700 12 - ADDED ENTRY--PERSONAL NAME
Relationship information تحقيق لـ :
Personal name آل عبد القادر، محمد بن عبد الله بن عبد المحسن،
Dates associated with a name 1312-1391 هجري.
Title of a work تحفة المستفيد بتاريخ الأحساء في القديم والجديد
942 ## - ADDED ENTRY ELEMENTS (KOHA)
Source of classification or shelving scheme Dewey Decimal Classification
Koha item type Books
Suppress in OPAC No
949 ## - LOCAL PROCESSING INFORMATION (OCLC)
a SA-JeALM
d 250503
u mohamedma123
n 1
Holdings
Withdrawn status Lost status Source of classification or shelving scheme Damaged status Not for loan Collection Home library Current library Date acquired Total checkouts Full call number Barcode Date last seen Price effective from Koha item type
    Dewey Decimal Classification     اهداء DR AbdElwahab Library DR AbdElwahab Library 05/04/2025   953.13 ا ح س 000012666 05/04/2025 05/04/2025 Books